mcu superheroes - Statistics

General Stats
  • This quiz has been taken 46 times
    37 since last reset
  • The average score is 42 of 110
Answer Stats
superheroes % Correct
Iron Man
100%
Captain America
94%
Hulk
88%
Thor
85%
Ant-Man
82%
Black Widow
82%
Star-Lord
82%
Hawkeye
79%
Scarlet Witch
79%
Drax
76%
Falcon
76%
Gamora
76%
Groot
76%
Spider Man
76%
War Machine
76%
Wasp
76%
Winter Soldier
76%
Quicksilver
73%
Vision
73%
Black Panther
70%
Nick Fury
70%
Captain Marvel
67%
Dr. Strange
67%
Loki
67%
Daredevil
64%
Rocket Raccoon
64%
Deadpool
61%
She-Hulk
61%
Mantis
58%
Shuri
58%
Wolverine
58%
Human Torch
52%
Ms Marvel
52%
Nebula
52%
Shang-Chi
52%
Valkyrie
52%
Red Guardian
48%
Wong
48%
Ghost
45%
MoonKnight
45%
Yondu
45%
Elektra
42%
korg
42%
Luke Cage
42%
Professor X
42%
Heimdall
39%
Okoye
39%
Yelena
39%
Blade
36%
Gambit
36%
Invisible Women
36%
Iron Fist
36%
Jessica Jones
36%
Mbaku
36%
Thing
36%
Black Bolt
33%
Ikaris
33%
The Punisher
33%
Adam Warlock
30%
Kraglin
30%
Pepper Potts
30%
U.S. Agent
30%
Black Knight
27%
Cosmo
27%
Ajak
24%
Captain Carter
24%
Echo
24%
Kate Bishop
24%
Kingo
24%
Phastos
24%
Sprite
24%
Thena
24%
Druig
21%
Ghost Rider
21%
Photon
21%
Sersi
21%
Sylvie
21%
Taskmaster
21%
America Chavez
18%
Battle Star
18%
Cloak
15%
Dagger
15%
Hercules
15%
Iron Heart
15%
Medusa
15%
Mighty Thor
15%
Clea
12%
Lockjaw
12%
Nakia
12%
Crystal
9%
Karnak
9%
Laura
9%
Mobius M. Mobius
9%
Phyla
9%
Gorgon
6%
Man Thing
6%
Scarlet Scarab
6%
Starfox
6%
Triton
6%
Baby Groot
3%
Elsa Bloodstone
3%
Mr. Fantasic
3%
Yukio
3%
Ahura Boltagon
0%
Jack Russell
0%
Maximus Boltagon
0%
Molina
0%
Negasonic Teenager
0%
Scarlet Spider
0%
The Unspoken
0%
No matching quizzes found
Score Distribution
Percent of People with Each Score
Percentile by Number Answered
Your Score History
You have not taken this quiz since the last reset